[Event "Olympiad Women 2024"]
[Site "Budapest HUN"]
[Date "2024.09.16"]
[Round "6.26"]
[Board "1"]
[White "Movsesian, Julia"]
[Black "Nassr, Lina"]
[Result "1-0"]
[WhiteElo "2198"]
[BlackElo "2010"]
[PlyCount "63"]
[EventDate "2024.09.11"]
[WhiteTeam "Czech Republic"]
[BlackTeam "Algeria"]
[WhiteTeamCountry "CZE"]
[BlackTeamCountry "ALG"]

1. e4 c5 2. Nf3 e6 3. d4 cxd4 4. Nxd4 a6 5. Bd3 Bc5 6. Nb3 Ba7 7. Qg4 Nf6 8. Qg3 d6 9. c4 ({RR} 9. Nc3 Nc6 10. Bg5 h6 11. Bd2 Nh5 12. Qf3 Qh4 13. g3 Ne5 14. Qe2 Qg4 15. O-O-O Qxe2 16. Bxe2 Nf6 17. f4 Neg4 18. Be1 Ke7 19. Nd4 e5 20. Nf5+ Bxf5 21. exf5 Ne3 22. Rd3 e4 23. Rd2 d5 {0-1 Vallejo Pons,F (2674)-Kamsky,G (2690) FIDE World Cup 9-12 2005 (6.6)}) 9... Nc6 10. Nc3 h5 $146 ({RR} 10... Ne5 11. Be2 O-O 12. Bh6 Ng6 13. Bg5 h6 14. Bd2 e5 15. h4 Kh8 16. Bg5 Rg8 17. Nd5 Nxe4 18. Qf3 Nxg5 19. hxg5 Qxg5 20. Rh5 Qd8 21. Qxf7 Nh4 22. Ne7 Rf8 23. Ng6+ Nxg6 24. Qxg6 Bxf2+ 25. Kd1 {0-1 Miseta,N (1608)-Laszlo,D (1529) HUN-ch U14 Girls 2012 (8)}) ({RR} 10... O-O 11. O-O Kh8 12. Rd1 Qe7 13. Bg5 h6 14. Qh4 Kg8 15. Bxf6 Qxf6 16. Qxf6 gxf6 17. Be2 Rd8 18. Rd3 Ne5 19. Rh3 Kg7 20. Rd1 Bd7 21. Rxd6 Rac8 22. c5 Bxc5 23. Nxc5 Rxc5 24. f4 Ng6 25. Rhd3 {½-½ Sahib,S (2432)-Harsha,B (2569) Chess.com Speed Play-In 2024 (4)}) ({RR} 10... Ne5 11. Be2 O-O 12. Bf4 Qc7 13. Bxe5 dxe5 14. O-O Bd7 15. h4 Bc6 16. Bf3 Rfd8 17. h5 h6 18. Rfd1 b5 19. cxb5 axb5 20. Rac1 Rxd1+ 21. Nxd1 Qd6 22. Nc3 b4 23. Rd1 Qc7 24. Ne2 Nxe4 25. Bxe4 {0-1 Savitha,S (2411)-Ushenina,A (2454) Tata Steel India Blitz w 2022 (8.1)}) 11. Bg5 Ne5 12. Rd1 Neg4 13. O-O h4 14. Qxg4 Nxg4 15. Bxd8 Kxd8 16. c5 h3 17. g3 d5 18. exd5 exd5 19. Nxd5 Be6 20. Be4 Kc8 21. Na5 Rb8 22. b4 Bd7 23. Nc4 Be6 24. Nd6+ Kd7 25. Nf4 Kc7 26. Bd5 Bxd5 27. Nxd5+ Kc6 28. Rfe1 Rhf8 29. Re7 Rbc8 30. Nxc8 Rxc8 31. a4 a5 32. Nb6 1-0

[Event "Olympiad Women 2024"]
[Site "Budapest HUN"]
[Date "2024.09.16"]
[Round "6.26"]
[Board "2"]
[White "Latreche, Sabrina"]
[Black "Rodshtein, Tereza"]
[Result "0-1"]
[WhiteElo "2030"]
[BlackElo "2149"]
[PlyCount "86"]
[EventDate "2024.09.11"]
[WhiteTeam "Algeria"]
[BlackTeam "Czech Republic"]
[WhiteTeamCountry "ALG"]
[BlackTeamCountry "CZE"]

1. d4 d5 2. Bf4 Nc6 3. e3 f6 4. Bd3 ({RR} 4. Bb5 e6 5. Nf3 Bd6 6. Bg3 Nge7 7. O-O O-O 8. c4 a6 9. Bxc6 Nxc6 10. cxd5 exd5 11. Nc3 Bxg3 12. hxg3 Bf5 13. Qb3 Bd3 14. Nxd5 Bxf1 15. Nxc7+ Rf7 16. Nxa8 Bb5 17. a4 Na5 18. Qb4 Nc6 {1-0 Sevian,S (2619)-Trent,L (2440) Titled Tuesday intern op 3rd April blitz 2018 (4)}) ({RR} 4. Nf3 g5 5. Bg3 h5 6. h3 Bf5 7. c4 e6 8. Nc3 Bb4 9. Rc1 Nge7 10. a3 Bd6 11. Bxd6 Qxd6 12. b4 a6 13. Qb3 Kf7 14. cxd5 exd5 15. e4 Qe6 16. Bd3 g4 17. Kd2 gxf3 18. exf5 Qd6 {0-1 Ayapov,A (2001)-Pang,B FIDE World Rapid Team 2024 (9.18)}) 4... Be6 5. c3 Bf7 6. Nf3 Qd7 $146 ({RR} 6... Bh5 7. Qa4 Qd7 8. Bb5 e6 9. Nbd2 Bd6 10. Bxd6 Qxd6 11. c4 Nge7 12. cxd5 exd5 13. O-O O-O 14. Rac1 Nd8 15. Bd3 Bg6 16. Bxg6 Nxg6 17. b4 Ne6 18. Nb3 Rfd8 19. Nc5 Nxc5 20. Rxc5 a6 21. Rfc1 {1-0 Meulner,K (2134)-Hoffmann,S (1860) Pyramiden Franken Cup 2015 (5)}) 7. Qa4 e5 8. dxe5 fxe5 9. Bb5 exf4 10. Ne5 Nxe5 11. Bxd7+ Nxd7 12. Qxf4 Bd6 13. Qg4 Ngf6 14. Qh4 O-O-O 15. Nd2 Ne5 16. O-O Kb8 17. a4 h5 18. a5 Neg4 19. Nf3 Ne4 20. Ng5 Be7 21. Qxg4 hxg4 22. Nxf7 Bd6 23. Nxh8 Rxh8 24. g3 Nd2 25. Rfd1 Nf3+ 26. Kf1 Rxh2 27. Ra4 Rh1+ 28. Ke2 Rxd1 29. Kxd1 Ne5 30. a6 b5 31. Ra1 c6 32. Ke2 Kc7 33. b3 b4 34. cxb4 Bxb4 35. Rh1 Be7 36. e4 d4 37. Rd1 Bc5 38. Kd2 Kb6 39. Rh1 d3 40. Rh5 Bd4 41. Rf5 Kxa6 42. Rf8 Kb7 43. b4 Ka6 0-1

[Event "Olympiad Women 2024"]
[Site "Budapest HUN"]
[Date "2024.09.16"]
[Round "6.27"]
[Board "2"]
[White "Skvortsova, Alena"]
[Black "Johannsdottir, Johanna Bjorg"]
[Result "1-0"]
[WhiteElo "2179"]
[BlackElo "2013"]
[PlyCount "89"]
[EventDate "2024.09.11"]
[WhiteTeam "Montenegro"]
[BlackTeam "Iceland"]
[WhiteTeamCountry "MNE"]
[BlackTeamCountry "ISL"]

1. e4 c5 2. Nf3 Nc6 3. Bb5 Nf6 4. Nc3 g6 5. e5 Ng4 6. Qe2 Bg7 7. Bxc6 dxc6 8. h3 Nh6 9. g4 ({RR} 9. d3 Nf5 10. O-O O-O 11. Bf4 b6 12. Rae1 a5 13. Qe4 Ra7 14. Qe2 a4 15. a3 Nd4 16. Qd1 h6 17. Bh2 Be6 18. Nxd4 cxd4 19. Ne4 Bc8 20. f4 f5 21. exf6 exf6 22. f5 Bxf5 23. Nd6 Bd7 {1-0 Johnson,J (2277)-Ezra,P (2339) Budapest 1 Week Aug GMB 2024 (6.1)}) 9... O-O 10. b3 $146 ({RR} 10. d3 Be6 11. Ne4 f5 12. exf6 exf6 13. Be3 Bd5 14. c4 Bxe4 15. dxe4 Qe7 16. Qc2 Rae8 17. Nd2 f5 18. g5 f4 19. Bxc5 Qxc5 20. gxh6 Bxh6 21. f3 Qe3+ 22. Kf1 Rd8 23. Rh2 Rd3 24. Re1 Qd4 {1-0 Novoselski,Z (2340)-Friedrich,U (2270) Wuerzburg op 1987 (5)}) ({RR} 10. d3 f6 11. Bf4 b5 12. O-O-O Nf7 13. e6 Ng5 14. Nxg5 fxg5 15. Be5 Bxe5 16. Qxe5 Qd4 17. Rhe1 Rxf2 18. Qxg5 Qf4+ 19. Qxf4 Rxf4 20. Re5 Bb7 21. Ne4 Rd8 22. Nxc5 Bc8 23. Rde1 Kg7 24. Kd2 h6 {1-0 Kuczynski,R (2465)-Perelshteyn,M (2330) Katowice op 1991 (10)}) ({RR} 10. d3 f5 11. g5 Nf7 12. e6 Nd6 13. Bf4 Qb6 14. O-O-O Bxc3 15. bxc3 Nb5 16. Qe5 Rd8 17. c4 Nd4 18. Nxd4 cxd4 19. h4 Qb4 20. h5 Qa3+ 21. Kd2 gxh5 22. Rxh5 Qc3+ 23. Ke2 Rd6 24. g6 {1-0 Djuric,S (2535)-Pavlovic,M (2450) YUG-chT Cetinje 1992}) 10... f6 11. Bb2 fxe5 12. Nxe5 Qc7 13. Na4 b6 14. O-O-O Ba6 15. Qe3 Nf7 16. f4 Nxe5 17. Bxe5 Bxe5 18. fxe5 c4 19. h4 cxb3 20. axb3 Rf7 21. h5 Rg7 22. hxg6 Rxg6 23. g5 Rf8 24. Rh6 Rf5 25. Rxg6+ hxg6 26. d4 e6 27. Nc3 Qh7 28. Ne4 Qh4 29. Kb2 Qh5 30. Ra1 Qe2 31. Qxe2 Bxe2 32. Rxa7 Rf4 33. Nf6+ Kf8 34. c3 b5 35. Ka3 Rf3 36. Kb4 Rd3 37. Nd7+ Ke8 38. Nc5 Rg3 39. Nxe6 Bd1 40. Ng7+ Kf8 41. e6 Re3 42. Kc5 Bxb3 43. Kxc6 Rxc3+ 44. Kd6 Re3 45. e7+ 1-0

[Event "Olympiad Women 2024"]
[Site "Budapest HUN"]
[Date "2024.09.16"]
[Round "6.28"]
[Board "1"]
[White "Terao, Juliana Sayumi"]
[Black "Shohradova, Lala"]
[Result "1/2-1/2"]
[WhiteElo "2161"]
[BlackElo "2030"]
[PlyCount "179"]
[EventDate "2024.09.11"]
[WhiteTeam "Brazil"]
[BlackTeam "Turkmenistan"]
[WhiteTeamCountry "BRA"]
[BlackTeamCountry "TKM"]

1. e4 e6 2. d4 d5 3. Nd2 c5 4. exd5 Qxd5 5. dxc5 Qxc5 6. Ngf3 Nf6 7. Bd3 Be7 8. O-O Nbd7 9. Qe2 O-O 10. c3 ({RR} 10. Ne4 Qc7 11. Bg5 b6 12. Rad1 Bb7 13. Bh4 Rad8 14. Bg3 Qc6 15. Nd6 Ba8 16. Rfe1 Ne5 17. Bxe5 Bxd6 18. Bb5 Qc5 19. Bxd6 Rxd6 20. Rxd6 Qxd6 21. Qe5 Rd8 22. Qxd6 Rxd6 23. Ne5 g5 24. f3 Kf8 {0-1 Wan Yunguo (2506)-Kong,X (2415) ch-CHN 2024 Xinghua CHN (7.4)}) 10... b6 11. Ne4 Qc7 12. Ng3 $146 ({RR} 12. Bg5 Bb7 13. Bh4 Rad8 14. Bg3 Qc6 15. Nxf6+ Nxf6 16. Bb5 Qc5 17. a4 Ne4 18. Be5 Bf6 19. Bxf6 Nxf6 20. Rad1 Ne4 21. Bd3 Nf6 22. Bb5 h6 23. Rxd8 Rxd8 24. Rd1 Rd5 25. h3 Ne4 26. Rd4 Ng5 {0-1 Weinzettl,E (2279)-Sundararajan,K (2422) Arad op 10th 2017 (8)}) ({RR} 12. Nxf6+ Nxf6 13. Be3 Bb7 14. Bd4 Rfd8 15. Rfe1 Rd5 16. Ne5 Bd6 17. h3 Rd8 18. f4 Bc5 19. Bxc5 Qxc5+ 20. Kh2 Qc7 21. Rad1 g6 22. Qf2 Nh5 23. g3 f6 {0-1 Wang Hao (2722)-Shankland,S (2710) 8th Gashimov Mem Blitz 2022 (4.2)}) ({RR} 12. Bg5 Bb7 13. Nxf6+ Bxf6 14. Be4 Bxe4 15. Qxe4 Qc5 16. Rad1 Rad8 17. Be3 Qb5 18. Qc2 Ne5 19. Nxe5 Bxe5 20. b3 Bb8 21. g3 Qh5 22. Rd3 f5 23. f4 e5 24. fxe5 Bxe5 25. Qd1 Qxd1 26. Rfxd1 Bf6 {0-1 Jelen,D (2018)-Urh,Z (1860) Sarajevo Bosna op 46th 2016 (6)}) ({RR} 12. Bg5 Bb7 13. Rad1 Rad8 14. Bh4 Nd5 15. Bg3 Qc8 16. Nd6 Bxd6 17. Bxd6 Rfe8 18. Bb1 e5 19. Ng5 N7f6 20. Bxe5 Nf4 21. Qe3 Qg4 {0-1 Rorrer,G (2117)-Holt,C (2549) Titled Tuesday intern op 20th Apr blitz 2021 (5)}) 12... Bb7 13. Bc2 Rfd8 14. Nd4 Bc5 15. Be3 Nd5 16. Ne4 Bxd4 17. Bxd4 f5 18. Ng5 Nf4 19. Qe3 Nf8 20. Be5 Qc6 21. f3 Nd5 22. Qf2 h6 23. Nh3 Ng6 24. Rfe1 b5 25. Qg3 Kh7 26. a3 a5 27. Bd4 b4 28. axb4 axb4 29. Rxa8 Bxa8 30. Bb3 Rd7 31. cxb4 Nf8 32. Bc5 Ng6 33. Qb8 Bb7 34. Qg3 e5 35. Qf2 Qf6 36. Bc2 Ngf4 37. Nxf4 Nxf4 38. Qe3 Qg5 39. g3 Nh3+ 40. Kh1 Qg4 41. Be4 Bxe4 42. Qxe4 Qh5 43. Qe3 Ng5 44. Rf1 Qh3 45. Ra1 e4 46. fxe4 Nxe4 47. Qf3 Rd2 48. Bg1 Rxb2 49. Rd1 Rc2 50. b5 Rc3 51. Be3 Rc2 52. Bg1 Ng5 53. Qf1 Qg4 54. Rd4 Ne4 55. Rd3 Rb2 56. b6 Nd2 57. Qf4 Qg6 58. Rd6 Qf7 59. Qd4 Qh5 60. g4 Qh3 61. Qf4 Qxg4 62. Qxg4 fxg4 63. Bd4 Rb1+ 64. Kg2 Nf3 65. Bc3 Rb3 66. Rc6 Ng5 67. Bd4 Rb4 68. Bc5 Rb2+ 69. Kg3 Ne4+ 70. Kxg4 Nxc5 71. Rxc5 Rxb6 72. h4 Rb4+ 73. Kg3 Kg6 74. Ra5 Rb3+ 75. Kg4 h5+ 76. Kf4 Kh6 77. Ra4 Rh3 78. Kf5 Rf3+ 79. Ke5 Rg3 80. Kf5 g6+ 81. Ke5 Rg1 82. Rf4 g5 83. Rf6+ Kg7 84. Rf5 Kg6 85. Rf6+ Kg7 86. Rf5 Re1+ 87. Kd4 gxh4 88. Rxh5 Ra1 89. Ke3 Kg6 90. Rxh4 1/2-1/2

[Event "Olympiad Women 2024"]
[Site "Budapest HUN"]
[Date "2024.09.16"]
[Round "6.28"]
[Board "2"]
[White "Agajanova, Meryem"]
[Black "Alboredo, Julia"]
[Result "1/2-1/2"]
[WhiteElo "2007"]
[BlackElo "2127"]
[PlyCount "92"]
[EventDate "2024.09.11"]
[WhiteTeam "Turkmenistan"]
[BlackTeam "Brazil"]
[WhiteTeamCountry "TKM"]
[BlackTeamCountry "BRA"]

1. d4 Nf6 2. c4 e6 3. g3 d5 4. Bg2 Bb4+ 5. Bd2 Be7 6. Nf3 Nbd7 7. O-O c6 8. Qc2 Ne4 9. Bc3 $146 ({RR} 9. Bc1 f5 10. Nc3 g5 11. b3 h5 12. Nxe4 dxe4 13. Ne5 Nxe5 14. dxe5 Qc7 15. Bb2 c5 16. Rad1 Bd7 17. Rd6 O-O-O 18. Rfd1 h4 19. a3 Kb8 20. b4 Bc8 21. b5 hxg3 22. hxg3 Rhg8 23. R1d2 Rxd6 {1-0 Shuvalova,P (2487)-Vaishali,R (2506) Julius Baer WSCC 2024 (3.4)}) ({RR} 9. Nc3 Nxd2 10. Nxd2 O-O 11. e4 dxc4 12. Nxc4 Nb6 13. Nxb6 Qxb6 14. d5 Rd8 15. Na4 Qa5 16. dxc6 bxc6 17. Rfd1 Bd7 18. a3 c5 19. Nc3 Be8 20. e5 Rab8 21. Rxd8 Rxd8 22. Rd1 Rd4 23. Rd3 Qd8 {½-½ Schitco,I (2492)-Gozzoli,Y (2604) BL2-Sued 1920 2019 (2.1)}) ({RR} 9. Bf4 g5 10. Be3 f5 11. Nc3 Nd6 12. cxd5 exd5 13. Rad1 Nb6 14. b3 Be6 15. Ne5 Nd7 16. Nd3 Bf6 17. f3 O-O 18. Bf2 Bg7 19. e4 fxe4 20. fxe4 Nxe4 21. Nxe4 dxe4 22. Bxe4 Nf6 23. Nc5 Bh3 {½-½ Soldo,R (2126)-Polok,K (2247) 7th Solta Open 2024 (8.8)}) 9... f5 10. Nbd2 a5 11. Rad1 O-O 12. b3 Nxc3 13. Qxc3 g5 14. Qe3 Kf7 15. Qd3 Bd6 16. cxd5 cxd5 17. Nb1 g4 18. Ne1 Nf6 19. e3 b5 20. Qc2 b4 21. Nd3 Ba6 22. Rfe1 h5 23. Nf4 Rc8 24. Qb2 h4 25. Nd2 Rh8 26. Rc1 hxg3 27. hxg3 Qf8 28. Rxc8 Bxc8 29. Qc2 Bd7 30. Qd3 Qh6 31. Nf1 Ne4 32. Qa6 Ke7 33. Qxa5 Ng5 34. Nd2 Qh2+ 35. Kf1 Rb8 36. Ke2 Bxf4 37. exf4 Qxg2 38. fxg5 f4 39. Qc5+ Ke8 40. Qc7 f3+ 41. Kd1 Rc8 42. Qd6 Qxf2 43. Rxe6+ Bxe6 44. Qxe6+ Kd8 45. Qd6+ Ke8 46. Qe6+ Kd8 1/2-1/2

[Event "Olympiad Women 2024"]
[Site "Budapest HUN"]
[Date "2024.09.16"]
[Round "6.28"]
[Board "3"]
[White "Tamarozi, Isabelle"]
[Black "Shohradova, Leyla"]
[Result "0-1"]
[WhiteElo "2059"]
[BlackElo "1873"]
[PlyCount "100"]
[EventDate "2024.09.11"]
[WhiteTeam "Brazil"]
[BlackTeam "Turkmenistan"]
[WhiteTeamCountry "BRA"]
[BlackTeamCountry "TKM"]

1. e4 e6 2. d4 d5 3. Nc3 Bb4 4. e5 Ne7 5. a3 Bxc3+ 6. bxc3 b6 7. h4 Ba6 8. h5 h6 9. Qg4 Bxf1 10. Kxf1 Nf5 11. a4 ({RR} 11. Qf4 c5 12. g4 Ne7 13. Rh3 Nbc6 14. Rf3 Rf8 15. a4 Qc7 16. Ne2 Na5 17. Kg2 Nc4 18. Ng3 f5 19. g5 hxg5 20. Qxg5 Rf7 21. Ne2 Kd7 22. Nf4 a5 23. Rg3 Rh8 24. Rb1 Rh6 25. Rb5 Nc6 {1-0 Nevednichy,V (2445)-Antonica,D (2366) Grand Prix Bucharest 2024 (9.16)}) 11... Nc6 12. Ne2 Qd7 13. Nf4 $146 ({RR} 13. Ng3 Nce7 14. Nxf5 Nxf5 15. Qe2 Qc6 16. Qd3 f6 17. g4 Ne7 18. Kg2 fxe5 19. dxe5 d4+ 20. Qf3 Qxf3+ 21. Kxf3 O-O+ 22. Kg3 dxc3 23. Ba3 c5 24. f4 Rad8 25. Bc1 Rd4 26. a5 Nd5 27. axb6 axb6 {0-1 Ricci,A (2088)-Formanek,E (2293) Estensi op 2001 (3)}) 13... O-O-O 14. g3 Na5 15. Kg2 Nc4 16. Re1 a5 17. Kh2 Rdg8 18. Qe2 g6 19. Rb1 g5 20. Nd3 Qxa4 21. g4 Ne7 22. Be3 Qc6 23. Ra1 Rf8 24. Bc1 f6 25. Ba3 Nxa3 26. exf6 Qd6+ 27. Ne5 Rxf6 28. Qa6+ Kd8 29. Rxa3 Qxa3 30. Qa8+ Nc8 31. Nc6+ Kd7 32. Ne5+ Ke7 33. Ng6+ Rxg6 34. hxg6 Qd6+ 35. Kg2 Kd7 36. Re5 Rg8 37. Qa6 Ne7 38. Qb5+ Qc6 39. Qb3 Nxg6 40. Re3 Nf4+ 41. Kg1 Ra8 42. Qa3 Qd6 43. Qa4+ c6 44. c4 dxc4 45. c3 b5 46. Qc2 Nd3 47. Qe2 Rf8 48. f3 a4 49. Qg2 a3 50. Kh1 Qf4 0-1

[Event "Olympiad Women 2024"]
[Site "Budapest HUN"]
[Date "2024.09.16"]
[Round "6.28"]
[Board "4"]
[White "Arazmedova, Enesh"]
[Black "Dias, Clara"]
[Result "1-0"]
[WhiteElo "1761"]
[BlackElo "1954"]
[PlyCount "103"]
[EventDate "2024.09.11"]
[WhiteTeam "Turkmenistan"]
[BlackTeam "Brazil"]
[WhiteTeamCountry "TKM"]
[BlackTeamCountry "BRA"]

1. e4 c5 2. Nf3 d6 3. d4 cxd4 4. Nxd4 Nf6 5. Nc3 a6 6. Bg5 e6 7. f4 Be7 8. Qf3 Qc7 9. O-O-O Nbd7 10. g4 b5 11. Bxf6 Nxf6 12. g5 Nd7 13. f5 Bxg5+ 14. Kb1 Ne5 15. Qh5 Bf6 16. Nxe6 Bxe6 17. fxe6 O-O 18. Nd5 Qd8 19. Bh3 ({RR} 19. Nxf6+ Qxf6 20. Rxd6 fxe6 21. Bh3 Nc4 22. e5 Qxe5 23. Qxe5 Nxe5 24. Bxe6+ Kh8 25. a3 Rf6 26. Rhd1 g6 27. Ka2 a5 28. Bh3 Raf8 29. Rxf6 Rxf6 30. Rf1 Rd6 {½-½ Frey,F (2237)-Cvitan,O (2405) TCh-SUI 2024 (2.8)}) 19... fxe6 20. Bxe6+ Kh8 21. Nxf6 $146 ({RR} 21. h4 g6 22. Qh6 Bg7 23. Qg5 h6 24. Qg3 Rf3 25. Qg2 h5 26. Rdf1 Qf8 27. Rhg1 Kh7 28. Bf5 Rxf1+ 29. Rxf1 gxf5 30. Rxf5 Qd8 31. Rxh5+ Kg8 32. Rg5 Ra7 33. Nf4 Qf6 34. Nh5 Qh6 35. a3 Rf7 {½-½ Bottazzi,U (2140)-Thomas,K (1802) Barcelona Sant Marti op-A 22nd 2022 (1)}) ({RR} 21. Rhf1 g6 22. Qe2 Bg7 23. Rxf8+ Bxf8 24. Qf2 Bg7 25. Rf1 Nc4 26. c3 Qg5 27. Re1 Rf8 28. Qe2 Qh4 29. Rd1 Rf2 30. Qg4 Rxb2+ 31. Ka1 Rxa2+ {0-1 Zampronha,W (2170)-Santos,M (1655) III Niteroi Chess Open 2023 (1.23)}) ({RR} 21. Rhg1 g6 22. Qe2 Bg7 23. Rdf1 Rxf1+ 24. Rxf1 Nc4 25. c3 Qg5 26. Nc7 Nd2+ 27. Kc2 Nxf1 28. Nxa8 Ne3+ 29. Kb3 Qc5 30. Nc7 Qxc7 31. Qxe3 Qe7 32. Bd5 Be5 33. h3 Qc7 34. Qh6 Qc8 35. Qh4 Kg7 {½-½ Manzano Gomez,V (1722)-Rivera,I (2249) Colombia Talentos-Maestros online 2020 (2.10)}) 21... Rxf6 22. Bd5 Rc8 23. Rhf1 Rg6 24. Qe2 Qe7 25. Rf5 h6 26. Rdf1 Rb8 27. h4 Kh7 28. Qf2 Ng4 29. Qf4 Qxh4 30. e5 dxe5 31. Qe4 Qg3 32. Bf7 Nf6 33. Bxg6+ Qxg6 34. Qxe5 Rd8 35. a3 Rd2 36. Qc7 Rd7 37. Qc6 Re7 38. Qxa6 Re1+ 39. Ka2 Qf7+ 40. b3 Re2 41. Kb2 Qc7 42. Rc1 Ne4 43. Qxb5 Qc3+ 44. Kb1 Qh3 45. Rc5 Qe3 46. Rc7 Nd2+ 47. Ka2 Rg2 48. Qf5+ Rg6 49. Rc6 Qg3 50. Rd1 Nf3 51. Rd3 Qg2 52. Rxf3 1-0

[Event "Olympiad Women 2024"]
[Site "Budapest HUN"]
[Date "2024.09.16"]
[Round "6.29"]
[Board "1"]
[White "Martynkova, Olena"]
[Black "Caxita, Esperanca"]
[Result "1-0"]
[WhiteElo "2176"]
[BlackElo "1932"]
[PlyCount "73"]
[EventDate "2024.09.11"]
[WhiteTeam "Lithuania"]
[BlackTeam "Angola"]
[WhiteTeamCountry "LTU"]
[BlackTeamCountry "ANG"]

1. d4 d5 2. Nf3 Nf6 3. c4 c6 4. Nc3 a6 5. c5 Nbd7 6. Bf4 g6 7. h3 Bg7 8. e3 O-O 9. Bd3 Re8 ({RR} 9... Ne8 10. O-O Nc7 11. Re1 Re8 12. Bg5 f5 13. b4 Nf6 14. Qb3 Be6 15. Bf4 Kh8 16. a4 Bg8 17. b5 Qc8 18. Reb1 Ne4 19. Be5 Bxe5 20. Nxe5 Nd2 21. Qb2 Nxb1 22. Rxb1 axb5 23. axb5 Ne6 24. Bc2 {0-1 Grischuk,A (2736)-Ponomariov,R (2739) Wch Blitz 4th 2009 (22)}) 10. g4 ({RR} 10. Bh2 Nf8 11. O-O N6d7 12. e4 dxe4 13. Nxe4 Nf6 14. Nc3 Be6 15. Qe2 Bd5 16. Ne5 Ne6 17. Qe3 Nc7 18. Na4 Be6 19. Rfd1 Nd7 20. Nf3 Bd5 21. Be2 f6 22. Nc3 Bf7 23. Ne4 Nd5 24. Qd2 Nf8 {0-1 Xi,Q (2209)-Petrovic,A (2303) RUDAR 27 IM 2024 (6.5)}) ({RR} 10. Bh2 b6 11. cxb6 Qxb6 12. Qb3 Qxb3 13. axb3 Nb6 14. O-O Nfd7 15. Ra5 e5 16. Nxe5 Nxe5 17. Bxe5 Bxe5 18. dxe5 Rxe5 19. Ne2 Nd7 20. Rfa1 Re8 21. Bxa6 Bxa6 22. Rxa6 Rxa6 23. Rxa6 Rb8 24. Rxc6 Rxb3 {1-0 Martynkova,O (2204)-Simkunaite,G (1998) LTU-ch (Women) 2022 (9)}) 10... b6 11. cxb6 Qxb6 $146 ({RR} 11... Nxb6 12. Ne5 Bb7 13. h4 Nfd7 14. h5 Nxe5 15. dxe5 Nc4 16. e6 fxe6 17. Qb3 e5 18. Qxb7 Na5 19. Qb4 Rb8 20. Qa3 exf4 21. hxg6 fxe3 22. gxh7+ Kh8 23. fxe3 Qb6 24. O-O-O Qxe3+ 25. Kc2 Nc4 26. Bxc4 {1-0 Thorsbro,P (2162)-Rasmussen,H (2163) Odense-ch D 2019 (3)}) 12. O-O Bb7 13. Na4 Qa7 14. Rc1 Rac8 15. b4 Nb6 16. Ne5 Nfd7 17. Nc5 Bxe5 18. dxe5 Nxc5 19. bxc5 Nd7 20. Qc2 e6 21. Qc3 a5 22. e4 a4 23. Bh6 Ba6 24. Bxa6 Qxa6 25. exd5 Qb7 26. dxe6 Rxe6 27. f4 Qc7 28. Rfd1 Nf8 29. Rd6 Rce8 30. f5 gxf5 31. gxf5 Rxh6 32. Rxh6 Qxe5 33. Qxe5 Rxe5 34. Rxc6 Rxf5 35. Rc8 Kg7 36. c6 Ne6 37. c7 1-0

[Event "Olympiad Women 2024"]
[Site "Budapest HUN"]
[Date "2024.09.16"]
[Round "6.30"]
[Board "1"]
[White "Mendoza, Shania Mae"]
[Black "Cordero, Daniela"]
[Result "1-0"]
[WhiteElo "2013"]
[BlackElo "2017"]
[PlyCount "125"]
[EventDate "2024.09.11"]
[WhiteTeam "Philippines"]
[BlackTeam "Bolivia"]
[WhiteTeamCountry "PHI"]
[BlackTeamCountry "BOL"]

1. e4 e6 2. d4 d5 3. e5 c5 4. c3 Nc6 5. Nf3 Nge7 6. Bd3 cxd4 7. cxd4 Nf5 8. O-O ({RR} 8. Nc3 Nfxd4 9. Nxd4 Nxd4 10. O-O Nc6 11. Bf4 a6 12. Re1 Be7 13. Qh5 g6 14. Qh6 Bf8 15. Qh3 Bg7 16. Rad1 O-O 17. Qg3 f6 18. exf6 Qxf6 19. Bd6 Rd8 20. Bc7 Rf8 21. Na4 b5 22. Nb6 Ra7 {1-0 Fedoseev,V (2704)-Goryachkina,A (2610) Titled Tuesday intern op 29th Mar Late blitz 2022 (5)}) 8... Be7 ({RR} 8... Nfxd4 9. Nxd4 Nxd4 10. Nc3 a6 11. Re1 Bc5 12. Be3 Ba7 13. Qg4 Nc6 14. Qxg7 Rf8 15. Bh6 Bc5 16. Qxh7 Qh4 17. g3 Qd4 18. Be3 Qb4 19. a3 Qb6 20. Na4 Bxe3 21. Nxb6 Bxb6 22. Rac1 Bd7 23. Qh4 {1-0 Shirov,A (2668)-Goltsev,D (2173) Titled Tue 14th May Late 2024 (4)}) 9. Nc3 a6 $146 ({RR} 9... O-O 10. a3 a5 11. Bxf5 exf5 12. Qb3 Be6 13. Qxb7 Qc8 14. Qb3 Rb8 15. Qc2 Qa6 16. Rd1 Rfc8 17. Qd3 Qxd3 18. Rxd3 h6 19. h4 Rb3 20. g3 Kf8 21. Nd2 Rb7 22. Na4 g5 23. hxg5 hxg5 24. Nb3 {0-1 Komovec,I-Srebrnic,M (2151) Ljubljana op 12th 2001 (7)}) 10. Re1 g5 11. Be3 h5 12. Ne2 Nb4 13. Bb1 Bd7 14. a3 Nc6 15. b4 Rc8 16. Ra2 Na7 17. Bd3 Nb5 18. Qb3 g4 19. Nd2 Nxe3 20. fxe3 Bg5 21. Nf1 g3 22. Nexg3 Rc3 23. Qd1 h4 24. Nh1 Nxa3 25. Nf2 Qb6 26. Rb2 Nc4 27. Bxc4 Rxc4 28. Nd3 Be7 29. Qd2 Rg8 30. h3 Bb5 31. Nf4 Kd7 32. Nh2 Ba4 33. Nd3 Bb5 34. Ng4 Qd8 35. Qf2 Kc7 36. Qxf7 Rf8 37. Qg6 Rg8 38. Qxe6 Rc6 39. Nf4 Bc4 40. Qf5 Kb8 41. Qb1 Rb6 42. Nh5 Qc8 43. Nhf6 Rg7 44. Rc1 Bxf6 45. exf6 Rxg4 46. hxg4 Rxf6 47. Qh7 Qe6 48. Re1 Ka7 49. Qxh4 Rh6 50. Qg5 Rg6 51. Qf5 Qg8 52. Rf2 Rxg4 53. Rc1 Rg5 54. Qf6 Rg6 55. Qe7 Rg7 56. Qd6 Qe8 57. Qc5+ b6 58. Qf8 Qd7 59. e4 dxe4 60. Rxc4 e3 61. Re2 Qg4 62. Rc8 b5 63. Qc5+ 1-0

[Event "Olympiad Women 2024"]
[Site "Budapest HUN"]
[Date "2024.09.16"]
[Round "6.30"]
[Board "2"]
[White "Monroy G., Nataly A."]
[Black "Frayna, Janelle Mae"]
[Result "0-1"]
[WhiteElo "1939"]
[BlackElo "2216"]
[PlyCount "72"]
[EventDate "2024.09.11"]
[WhiteTeam "Bolivia"]
[BlackTeam "Philippines"]
[WhiteTeamCountry "BOL"]
[BlackTeamCountry "PHI"]

1. d4 {Villeneuve,A/Primel,D} Nf6 2. Nf3 g6 3. c4 Bg7 4. Nc3 d5 5. cxd5 Nxd5 6. e4 Nxc3 7. bxc3 c5 8. Be3 Qa5 9. Qd3 $146 ({RR} 9. Bd2 O-O ({RR} 9... O-O 10. Bd3 Nc6) 10. Bd3 Nc6 11. h3 cxd4 12. cxd4 Qa3 13. Bc4 Nxd4 14. Nxd4 Bxd4 15. Rc1 a6 16. Bh6 Qa5+ 17. Kf1 Bg7 18. Bxg7 Kxg7 19. h4 h5 20. Be2 Rd8 21. Qc2 Rd2 22. Qb3 Qxa2 23. Qe3 Qb2 {0-1 Kreisberg,L-Rossetto,H Vina del Mar 1947 (4)}) ({RR} 9. Bd2 O-O 10. Be2 Bg4 11. O-O Nc6 12. Rb1 Bxf3 13. gxf3 cxd4 14. cxd4 Qxa2 15. d5 Nd4 16. Rxb7 Rab8 17. Rxb8 Rxb8 18. Kh1 Rb2 19. Be3 Rxe2 20. Qd3 Nxf3 21. d6 exd6 22. Qxd6 Rxe3 23. fxe3 Be5 {0-1 Sokolov,I (2655)-Van Wely,L (2695) NED-ch op 5' 2002}) ({RR} 9. Nd2 cxd4 10. Nc4 Qd8 11. cxd4 O-O 12. Rb1 f5 13. exf5 Bxf5 14. Rxb7 Nc6 15. d5 Bc3+ 16. Bd2 Nd4 17. Ne3 Qa5 18. Bxc3 Qxc3+ 19. Qd2 Qa1+ 20. Qd1 Qc3+ 21. Qd2 Qa1+ 22. Qd1 {½-½ Avrukh,B (2601)-Kovchan,A (2558) FRA-chT Top 12 2011 (10.3)}) ({RR} 9. Qb3 cxd4 10. Qb5+ Qxb5 11. Bxb5+ Bd7 12. Bxd7+ Nxd7 13. cxd4 Nf6 14. e5 Nd5 15. Ke2 Kd7 16. Rhc1 Rhc8 17. a3 h6 18. Nd2 f5 19. exf6 exf6 20. Ne4 b6 21. Kd3 f5 22. Nc3 Nxc3 23. Rxc3 Rxc3+ {½-½ Borowski,P-Meyer,H Ost Westfalen Lippe-ch 1950 (10)}) ({RR} 9. Bd2 Bg4 10. Qb3 O-O 11. Rc1 ({RR} 11. Qxb7 Nd7 12. Qa6 Qc7 13. Rc1 Rab8 14. Be2 Rb2) 11... Bxf3 12. gxf3 cxd4 ({RR} 12... Qc7 13. Be2) 13. cxd4 Qh5 ({RR} 13... Qb6) 14. Rc5 e5 15. d5 ({RR} 15. Qxb7 Nd7 16. Qxd7 Qxf3 17. Rg1 Qxe4+ 18. Be2 exd4 {RR} 19. Qd5 Qh4) 15... Nd7 16. Rc7 Nb6 17. a4 ({RR} 17. Be2) ({RR} 17. Rxb7 Rfc8 18. d6) 17... Rac8 18. d6 ({RR} 18. Rxb7) 18... Bh6 19. a5 ({RR} 19. Bb4) 19... Bxd2+ 20. Kxd2 Na4 ({RR} 20... Rxc7 21. dxc7 Na8 22. Qxb7 Nxc7 23. Qxc7 Qxf3 24. Bd3 ({RR} 24. Rg1 Qxf2+)) 21. Bc4 ({RR} 21. Qxa4 Qxf3) 21... Nc5 22. Bxf7+ Kg7 23. Qd5 ({RR} 23. Qc3) ({RR} 23. Qb5) 23... Rxc7 {1-0 Mercier,J-Kouatly,B FRA-ch 54th Courchevel 1979 (1)}) ({RR} 9. Qd2 Nc6 ({RR} 9... O-O) 10. Rc1 ({RR} 10. Rb1) 10... cxd4 11. cxd4 Qxd2+ 12. Kxd2 O-O 13. Bb5 ({RR} 13. d5 Rd8 14. Ke1 Na5 15. Bg5) 13... f5) 9... O-O 10. Be2 cxd4 11. Nxd4 Nc6 12. O-O Ne5 13. Qc2 Ng4 14. Bxg4 Bxg4 15. Rab1 Rab8 16. c4 Rfc8 17. Nb3 Qa4 18. Rfc1 b6 19. h3 Be6 20. Nd2 Qa6 21. Rb4 Rc6 22. Ra4 Qb7 23. Ra3 Rbc8 24. Qd3 Bb2 25. Rac3 Qc7 26. g3 Bxc1 27. Rxc1 Bxc4 28. Nxc4 Rxc4 29. Rd1 Rc3 30. Qd4 Qc4 31. Qe5 Qe6 32. Qd4 R3c4 33. Qd2 Rc2 34. Qd4 Qxh3 35. Qa4 Qh5 36. Rd5 Rc1+ 0-1